Confessions of William James Chidley /

Bibliographic Details
Main Author: Chidley, W. J.
Other Authors: McInerney, Sally, 1946-
Format: Book
Language:English
Published: St. Lucia [Australia] : Hemel Hempstead, Eng. : University of Queensland Press ; Distributed by Prentice-Hall International, 1977.
St. Lucia [Australia] : University of Queensland Press ; 1977.
Subjects:

MARC

Tag First Indicator Second Indicator Subfields
LEADER 00000cam a2200000 i 4500
001 in00000023367
005 20151007064411.0
008 790717s1977 at c 000 0aeng
010 |a  79309554  
015 |a Aus*** 
019 |a 5265568 
020 |a 0702214914 
029 1 |a AU@  |b 000001331918 
035 |a (OCoLC)4634835 
040 |a DLC  |b eng  |c DLC  |d GZE  |d AUT  |d BTCTA  |d KSU  |d BDX  |d OCLCO  |d OCLCQ  |d EUW  |d OCLCQ  |d OCLCF  |d OCLCO  |d INT  |d AU@  |d OCLCA  |d OCL  |d OCLCO 
049 |a JLFA 
050 0 0 |a HQ21  |b .C49 
082 0 |a 301.41/58/0924  |a B 
082 0 0 |a 301.41/58/0924  |a B 
100 1 |a Chidley, W. J. 
245 1 0 |a Confessions of William James Chidley /  |c edited by S. McInerney. 
260 |a St. Lucia [Australia] :  |b University of Queensland Press ;  |a Hemel Hempstead, Eng. :  |b Distributed by Prentice-Hall International,  |c 1977. 
264 1 |a St. Lucia [Australia] :  |b University of Queensland Press ;  |c 1977. 
264 2 |a Hemel Hempstead, Eng. :  |b Distributed by Prentice-Hall International, 
300 |a xxxix, 307 pages :  |b portraits ;  |c 22 cm 
336 |a text  |b txt  |2 rdacontent 
337 |a unmediated  |b n  |2 rdamedia 
338 |a volume  |b nc  |2 rdacarrier 
600 1 0 |a Chidley, W. J. 
650 0 |a Sex  |v Biography. 
655 7 |a Biographies.  |2 fast  |0 (OCoLC)fst01919896 
700 1 |a McInerney, Sally,  |d 1946- 
776 0 8 |i Online version:  |a Chidley, W.J.  |t Confessions of William James Chidley.  |d St. Lucia [Australia] : University of Queensland Press ; Hemel Hempstead, Eng. : distributed by Prentice-Hall International, 1977  |w (OCoLC)768181870 
938 |a Brodart  |b BROD  |n 36482706 
999 |a MARS 
999 f f |s a6b476b6-831a-38d3-95a7-f83519715c18  |i 703ed3a1-84ff-32f9-a6e6-ba66123e3e63  |t 0 
952 f f |p ric  |a Texas A&M University  |b Rellis Campus  |c Joint Library Facility  |s JLF  |d Remote Storage  |t 0  |e HQ21 .C49  |h Library of Congress classification  |i unmediated -- volume  |m A14802950575